| 000 | 00594cam a2200145 4500500 | ||
|---|---|---|---|
| 005 | 20260208010539.0 | ||
| 041 | _afre | ||
| 042 | _adc | ||
| 100 | 1 | 0 |
_aLarivée, Annie _eauthor |
| 245 | 0 | 0 | _aPlaton, La République, traduction inédite, introduction et notes par Georges Leroux, Paris, Flammarion, 2002, « GF », 801 p., 6,71 E. |
| 260 | _c2005. | ||
| 500 | _a19 | ||
| 786 | 0 | _nRevue philosophique de la France et de l'étranger | 130 | 1 | 2005-03-01 | p. 77y-130y | 0035-3833 | |
| 856 | 4 | 1 | _uhttps://shs.cairn.info/revue-philosophique-2005-1-page-77y?lang=fr&redirect-ssocas=7080 |
| 999 |
_c1657064 _d1657065 |
||